Matemáticas para tomar decisiones (Record no. 98300)

MARC details
000 -LEADER
campo de control de longitud fija 00593nam a2200181 i 4500
001 - NÚMERO DE CONTROL
campo de control 98300
003 - IDENTIFICADOR DE NÚMERO DE CONTROL
campo de control ES-MaACL
005 - FECHA Y HORA DE LA ÚLTIMA TRANSACCIÓN
campo de control 20230906182244.0
007 - CAMPO FIJO DE DESCRIPCIÓN FÍSICA--INFORMACIÓN GENERAL
campo de control de longitud fija t|
008 - DATOS DE LONGITUD FIJA--INFORMACIÓN GENERAL
campo de control de longitud fija 050728m19721973sp ||||1| spa d
100 1# - ENTRADA PRINCIPAL--NOMBRE DE PERSONA
Nombre de persona Martin, E. Wainright.
9 (RLIN) 77284
245 10 - MENCIÓN DEL TÍTULO
Título Matemáticas para tomar decisiones
Resto del título : un texto básico programado /
Mención de responsabilidad, etc. E. Wrainright Martin; [traducción de Isabel Alonso Ruiz].
260 ## - PUBLICACIÓN, DISTRIBUCIÓN, ETC.
Lugar de publicación, distribución, etc. Salamanca :
Nombre del editor, distribuidor, etc. Anaya,
Fecha de publicación, distribución, etc. 1972-73.
300 ## - DESCRIPCIÓN FÍSICA
Extensión 2 v. :
Otras características físicas il. ;
Dimensiones 24 cm.
505 8# - NOTA DE CONTENIDO CON FORMATO
Nota de contenido con formato Es el tomo 1º y 2º
700 1# - ENTRADA AGREGADA--NOMBRE PERSONAL
Nombre de persona Alonso Ruiz, Isabel.
9 (RLIN) 20399
852 ## - LOCALIZACIÓN
Ubicación ES-MaACL
Número de control de estantería P-1647
Sublocalización o colección R.84475
Holdings
Estatus retirado Estado de pérdida Estado de daño No para préstamo Biblioteca de origen Biblioteca actual Ubicación en estantería Fecha de adquisición Fuente de adquisición Total de préstamos Signatura topográfica completa Código de barras Visto por última vez Precio de reemplazo Tipo de ítem Koha
        Biblioteca del Ateneo de Madrid Biblioteca del Ateneo de Madrid Depósito 2 17/01/2008     P-1647 1102618 23/02/2023 23/02/2023 Libro impreso